| 000 | 01071cam a2200313 a 4500 | ||
|---|---|---|---|
| 001 | 1843 | ||
| 005 | 20250218093102.0 | ||
| 020 | _a9780061346088 (lib. bdg.) | ||
| 020 | _a9780061346071 (pbk.) | ||
| 040 |
_aDLC _cDLC _dDLC _beng |
||
| 050 | 0 | 0 |
_aPZ7.G9846 _bMse 2008 |
| 082 | 0 | 0 |
_a[Fic] _222 |
| 100 | 1 | _aGutman, Dan. | |
| 245 | 1 | 0 |
_aMrs. Dole is out of control! / _cDan Gutman ; pictures by Jim Paillot. |
| 250 | _a1st ed. | ||
| 260 |
_aNew York : _bHarperTrophy, _c2008. |
||
| 300 |
_a103 pages ; _billustrations ; _c20 cm. |
||
| 490 | 0 |
_aMy weird school daze ; _vBook 1 |
|
| 505 | _aK | ||
| 520 | _aSecond grade graduation turns into a full-blown spectacle when an overzealous PTA president pulls out all the stops for A.J. and his classmates on the last day of school. | ||
| 521 | 1 |
_a610
_bLexile |
|
| 521 | 1 |
_aK
_bRaz-Plus |
|
| 650 | 1 |
_aGraduation (School) _vFiction. |
|
| 650 | 1 |
_aSchools _vFiction. |
|
| 650 | 1 | _aHumorous stories. | |
| 700 | 1 |
_aPaillot, Jim, _eillustrator |
|
| 906 |
_a7 _bcbc _corignew _d1 _eecip _f20 _gy-gencatlg |
||
| 942 |
_2ddc _cBK _n0 |
||
| 999 |
_c1843 _d1843 |
||